Countries of Europe in Welsh - Statistics

General Stats
  • This quiz has been taken 33 times
  • The average score is 32 of 50
Answer Stats
English Welsh % Correct
Albania Albania
83%
Armenia Armenia
83%
Austria Awstria
83%
France Ffrainc
83%
Spain Sbaen
83%
Germany Yr Almaen
83%
Andorra Andorra
78%
Belarus Belarws
74%
Croatia Croatia
74%
Estonia Estonia
74%
Ireland Iwerddon
74%
Monaco Monaco
74%
Bulgaria Bwlgaria
70%
Malta Malta
70%
San Marino San Marino
70%
Slovakia Slofacia
70%
Slovenia Slofenia
70%
Italy Yr Eidal
70%
Vatican City Dinas Y Fatican
65%
Georgia Georgia
65%
Belgium Gwlad Belg
65%
Iceland Gwlad yr Ia
65%
Latvia Latfia
65%
Montenegro Montenegro
65%
Romania Romania
65%
Serbia Serbia
65%
Sweden Sweden
65%
Finland Y Ffindir
65%
Cyprus Cyprus
61%
Denmark Denmarc
61%
Greece Gwlad Groeg
61%
Poland Gwlad Pwyl
61%
Hungary Hwngari
61%
Liechtenstein Liechtenstein
61%
Moldova Moldofa
61%
Russia Rwsia
61%
Turkey Twrci
61%
Netherlands Yr Iseldiroedd
61%
Azerbaijan Aserbaijan
57%
Kosovo Kosovo
57%
Luxembourg Lwcsembwrg
57%
Macedonia Macedonia
57%
Norway Norwy
57%
Portugal Portiwgal
57%
United Kingdom Y Deyrnas Unedig
52%
Ukraine Wcrain
48%
Switzerland Y Swistir
48%
Lithuania Lithwania
43%
Czech Republic Y Weriniaeth Tsiec
17%
Bosnia and Herzegovina Bosnia a Hercegovina
9%
No matching quizzes found
Score Distribution
Percent of People with Each Score
Percentile by Number Answered
Your Score History
You have not taken this quiz